000
00279nam a22001097a 4500
082
_a
621.31245 MAG'C
100
_a
COOMBLE, R. A
_9
79575
245
_a
MAGNETTOHYDRODYNAMIC GENERATION OF ELECTRICAL POWER
260
_a
LONDON
_b
CHAPMAN & HALL
_c
1964
300
_a
207P
942
_c
BK
999
_c
584599
_d
584599